| 000 | 00760cam a2200193 a 4500 | ||
|---|---|---|---|
| 040 | _cDLC | ||
| 082 | _a320 ERS 2003 A070 Or. | ||
| 245 | 0 | 0 |
_a100 years of reservations : _ban appraisal & assessment / |
| 246 | 3 | _aOne hundred years of reservations | |
| 260 |
_aHyderabad : _b100 Years of Reservations Review Committee under the aegis of Republican Party of India, Andhra Pradesh, _c2003. |
||
| 300 |
_ax, 135 p. : _bill. ; _c29 cm. |
||
| 520 | _aPapers presented at 6 conventions at different places in Andhra Pradesh; with reference to India. | ||
| 650 | 0 | _aDalits | |
| 650 | 0 | _aReverse discrimination in employment | |
| 650 | 0 | _aDalits | |
| 700 | 1 | _aTārakaṃ, Bojjā. | |
| 710 | 2 | _aBhāratīya Ripablikana Paksha (Andhra Pradesh, India) | |
| 942 | _cEK | ||
| 999 |
_c14821 _d14821 |
||